MDQL
is popping MORE tags! Check the
thread
!
Quizzes
Events
Quiz Creation
Community
Videos
Private Events
Remove Ads
Sign In
Join for FREE
Feedback
Dark Mode
Quiz Categories
Sports
Geography
Music
Movies
Television
Just For Fun
Miscellaneous
History
Literature
Language
Science
Gaming
Entertainment
Religion
Holiday
For Kids
Quiz Lab
Recent
Popular Today
Quiz Kudos Today
Editor Picks
Curator Picks
Quizzes by...
Day
Popularity
Type
Ratings
Length
Year
Community
Subscriptions
Recent Discussions
Orange Saloon
Badges
Playlists
Quests
Create
Leaderboards
Showdown
Live 5
Trivia Bingo
Activity
Puzzle Library
Sporcle Events
Private Events
Virtual Trivia
Globe League
Become a Host
Pub Owners
SporcleCon
Opinionation
Our Games
Videos
Blog
Mobile Apps
Partnerships
Remove Ads and Go Orange
Feedback
Sports
Athletes
MLB
NBA
NHL
NFL
Soccer
Sports Teams
WWE
NCAA
Football
Premier League
Basketball
Baseball
Hockey
Golf
Tennis
Cricket
Rugby
Auto Racing
Olympics
World Cup
Sports
Athletes
MLB
NBA
NHL
NFL
Soccer
Sports Teams
WWE
NCAA
Football
Premier League
Basketball
Baseball
Hockey
Golf
Tennis
Cricket
Rugby
Auto Racing
Olympics
World Cup
Random Quiz
Search Sporcle
×
Quiz Lab
Quiz Lab
Sports
Madrid
Type in answers that appear in a list
Type in answers that appear in a list
Classic
Best Score? Go Orange.
Euroleague 5s: Real Madrid Stats
Can you name the players that player the most for Real Madrid in Euroleague ?
By
Torres35
20m
85 Questions
854 Plays
854 Plays
854 Plays
Comments
Comments
Give Quiz Kudos
Give Quiz Kudos
-
- Ratings
hide this ad
Replay
Link that replays current quiz
Next Quiz
Link to next quiz in quiz playlist
You Got
0%
They Got
Avg Score
57%
Avg Friend Score
Upgrade to see
Score Distribution
Jump to the score distribution portion of the page
Score
0/85
Timer
20:00
2
Plays Today
% Correct
Sergio Llull
98.2%
Sergio Llull
98.2%
Sergio Llull
97.1%
Sergio Llull
97.1%
Sergio Llull
97.1%
Sergio Llull
97.1%
Sergio Llull
97.1%
Sergio Llull
97.1%
Sergio Llull
97.1%
Rudy Fernández
96.2%
Rudy Fernández
95.1%
Rudy Fernández
95.1%
Rudy Fernández
95.1%
Rudy Fernández
95.1%
Sergio Rodríguez
92.4%
Sergio Rodríguez
92.4%
Sergio Rodríguez
92.4%
Sergio Rodríguez
92.4%
Walter Tavares
91.8%
Felipe Reyes
91.6%
Felipe Reyes
91.6%
Felipe Reyes
91.6%
Felipe Reyes
91.6%
Felipe Reyes
91.6%
Felipe Reyes
91.6%
Felipe Reyes
91.6%
Felipe Reyes
91.6%
Felipe Reyes
91.6%
Felipe Reyes
91.6%
% Correct
Luka Dončić
91.5%
Luka Dončić
91.5%
Facundo Campazzo
83%
Jaycee Carroll
80.9%
Jaycee Carroll
80.9%
Jaycee Carroll
80.9%
Gustavo Ayón
79.5%
Anthony Randolph
78.9%
Anthony Randolph
78.9%
Gustavo Ayón
77%
Nikola Mirotić
67.6%
Nikola Mirotić
67.6%
Nikola Mirotić
67.6%
Trey Thompkins
65.2%
Jeffery Taylor
63.2%
Jeffery Taylor
63.2%
Fabien Causeur
62.6%
Fabien Causeur
62.6%
Andrés Nocioni
61.6%
Ante Tomić
52.3%
Louis Bullock
50%
Louis Bullock
50%
Louis Bullock
50%
Louis Bullock
50%
Louis Bullock
50%
Jorge Garbajosa
41.9%
Aleksandar Đorđević
37.6%
Aleksandar Đorđević
37.6%
Alberto Herreros
37%
% Correct
Alberto Herreros
37%
Alberto Herreros
37%
Alberto Herreros
37%
Álex Mumbrú
35%
Álex Mumbrú
35%
Álex Mumbrú
35%
Charles Smith
32%
Axel Hervelle
31.9%
Axel Hervelle
31.9%
Axel Hervelle
31.9%
Carlos Suárez
29%
Darjuš Lavrinovič
24.9%
Igor Rakočević
24.5%
Lucio Angulo
23%
Rimantas Kaukėnas
23%
Mickaël Gelabale
20.7%
Mickaël Gelabale
20.7%
Clay Tucker
15.6%
Jeremiah Massey
15.3%
Žan Tabak
15.1%
Éric Struelens
14.4%
Dušan Vukčević
13.1%
Erik Meek
10.5%
Marko Milič
10.2%
Alain Digbeu
9.7%
Derrick Alston
9.6%
Dragan Tarlać
1.3%
Quiz Playlist
Details
Report
Send in Message
Add To Playlist
Classic:
Type in answers that appear in a list
Last Updated: Feb 16, 2017
Quiz Scoreboard
CHALLENGE
Sign Up to Join the Scoreboard
Show All
Scores
Hide
Comments
May contain spoilers
Recently Published
Street Fighter Characters
by Artimus82
Gaming
60s
9x9 Crossword: Cartoon Network
by jackfrog10
Miscellaneous
3m
College Basketball Coaching Resumes
by pancakes188
Sports
9m
More to Explore
Quiz From the Vault
Featured Blog Post
Where Did the Easter Bunny Come From?
hide this ad
You Might Also Like...
Tags
Euroleague
Madrid
Player
Real Madrid
Today's Top Quizzes in Sports
Browse Sports
hide this ad
Today's Top Quizzes in Madrid
Browse Madrid
Top Contributed Quizzes in Sports
1
2022 World Cup Stars
2
Les meilleurs buteurs des matchs entre le PSG et l’OM
3
FIFA Club World Cup Champions
4
Les entraîneurs de l'OM et du PSG au 21e siècle
5
Criteria MLB: Left Handed Sluggers
6
2023 MLB Unique Player Accomplishments
7
AFC Teams Reveal (Wrong Answers Minefield)
8
5-to-1: FBS Animal Nicknames
9
Players with Multiple 50 Home Run Seasons
10
5-to-1: UK Sports Teams
Explore More
Trending Topics
Marvel
NBA
Harry Potter
Crossword
Kpop
Disney
Anime
Soccer
The Office
Country
Puzzle
Pokémon
NFL
WWE
Song
hide this ad
More By:
Torres35
Quiz
Plays
Rating
Category
Featured
Created
NBA: Western or Eastern Conference?
57,439
4.23
Sports
Jan 8, 2015
NBA Winners Starting 5 (Since 1969)
4,436
4.76
Sports
Jul 1, 2014
NBA season scoring leaders
3,488
4.71
Sports
Jan 11, 2015
Chicago Bulls Winning 5s
2,385
4.45
Sports
Jan 9, 2015
Euroleague Winners Starting 5s
2,165
4.00
Sports
May 17, 2015
Go to Creator's Profile
Score Distribution
Quiz Creator Spotlight
Torres35
Follow
Send a Message
Quizzes Created
-
Created Quiz Play Count
-
More By This Creator
Popular Quizzes Today
1
Find the US States - No Outlines Minefield
2
Find the Countries of Europe - No Outlines Minefield
3
The Countries of the World
4
Find the US States
5
Risky Map Clicking: Biggest States A-Z
6
US States
7
Popular People in 1961
8
Movies - When Are They Set?
More Sports Quizzes
Anyone But Jerome Boateng
Quiz Lab
Trending Quizzes
Risky Map Clicking: Least Populous States A-Z
Countries of the World: 200 Million BC
1-10 Letter G Words
Risky Map Clicking: Next State Alphabetically
Adjectives in 80s TV Shows
Recently Updated
Leaping Animals
pecheneg
Reality TV Shows (A-Z)
bhenderson79
Rickey Henderson's Hall of Fame Teammates
pecheneg
Champions League XIs: Arsenal
pecheneg
Quick Pick: Celebrities in WWE's Hall of Fame
aduchscher
A-Z Keypad Blitz II
pecheneg
Multiple Oscar Actors
pecheneg
Mystery Phrase Blitz: Oscar 'Best Actors'
pecheneg
F. Scott Fitzgerald Novels
LTH
Pick 3 Villains
ddd62291
Trending Topics
Marvel
NBA
Harry Potter
Kpop
Crossword
Anime
Disney
Puzzle
Song
Soccer
Country
The Office
Pokémon
WWE
NFL
Your Account Isn't Verified!
In order to create a playlist on Sporcle, you need to verify the email address you used during registration. Go to your
Sporcle Settings
to finish the process.
Report this User
Report this user for behavior that violates our
Community Guidelines
.
Details:
Send Report
Go to the Sporcle.com Mobile Site →
Comments